Spell the Marvel Character #14 - Statistics

General Stats
  • This quiz has been taken 53 times
  • The average score is 7 of 11
Answer Stats
Picture Answer % Correct
Moon Knight
98%
Angel
95%
Elektra
93%
Rescue
80%
Cosmo
73%
Hazmat
49%
Whizzer
49%
Ikaris
46%
War Machine
46%
Aurora
29%
Nomad
7%
No matching quizzes found
Score Distribution
Percent of People with Each Score
Percentile by Number Answered
Your Score History
You have not taken this quiz